000 00912nam a22002531u 4500
001 05653
003 HDC
007 cr bn ---aaaaa
008 210120p9999 | d 00 engg
040 _aHDC
100 _aMuhammad Ashraf Ali Farooqui
_eauthor
_95937
245 0 _aInspection Procedures in Halal Food Certification / by
_cMuhammad Ashraf Ali Farooqui and NurullahKurt
260 _a[no place] :
_b[publisher not identified],
_c[no year]
300 _a 1 online resource (16 pages)
336 _atext
_2rdacontent
337 _acomputer
_2rdamedia
338 _aonline resource
_2rdacarrier
650 _aHalal Food
_950
650 _aInspection Procedures
_95938
856 _zRequest full-text at [email protected]
942 _2lcc
942 _cAR
942 _kJART 001452
999 _c2977
_d2977